[Al-Fārābī:) AI-Fārābī on the Perfect State—Abū Naṣr al-Fārābī’s Mabādī’ ārā’ ahl al-madīna al-fāḍila
| Main Author: | |
|---|---|
| Format: | Electronic Review |
| Language: | German |
| Check availability: | HBZ Gateway |
| Interlibrary Loan: | Interlibrary Loan for the Fachinformationsdienste (Specialized Information Services in Germany) |
| Published: |
1988
|
| In: |
Oriens
Year: 1988, Volume: 31, Issue: 1, Pages: 314-334 |
| Review of: | Al-Farabi on the perfect state (Oxford : Clarendon Pr., 1985) (Wernst, Paul)
Al- Farabi on the perfect state (Oxford [u.a.] : Clarendon Pr., 1985) (Wernst, Paul) |
| Further subjects: | B
Book review
|
| Online Access: |
Volltext (JSTOR) Volltext (lizenzpflichtig) Volltext (lizenzpflichtig) |
MARC
| LEADER | 00000caa a22000002c 4500 | ||
|---|---|---|---|
| 001 | 1821435206 | ||
| 003 | DE-627 | ||
| 005 | 20240320085745.0 | ||
| 007 | cr uuu---uuuuu | ||
| 008 | 221110s1988 xx |||||oo 00| ||ger c | ||
| 024 | 7 | |a 10.1163/18778372-03101014 |2 doi | |
| 035 | |a (DE-627)1821435206 | ||
| 035 | |a (DE-599)KXP1821435206 | ||
| 040 | |a DE-627 |b ger |c DE-627 |e rda | ||
| 041 | |a ger | ||
| 084 | |a 0 |2 ssgn | ||
| 100 | 1 | |e VerfasserIn |0 (DE-588)1014244978 |0 (DE-627)705197891 |0 (DE-576)185350895 |4 aut |a Wernst, Paul |d 1921- | |
| 109 | |a Wernst, Paul 1921- | ||
| 245 | 1 | 0 | |a [Al-Fārābī:) AI-Fārābī on the Perfect State—Abū Naṣr al-Fārābī’s Mabādī’ ārā’ ahl al-madīna al-fāḍila |
| 264 | 1 | |c 1988 | |
| 336 | |a Text |b txt |2 rdacontent | ||
| 337 | |a Computermedien |b c |2 rdamedia | ||
| 338 | |a Online-Ressource |b cr |2 rdacarrier | ||
| 655 | 7 | |a Rezension |0 (DE-588)4049712-4 |0 (DE-627)106186019 |0 (DE-576)209083166 |2 gnd-content | |
| 773 | 0 | 8 | |i Enthalten in |t Oriens |d Leiden [u.a.] : Brill, 1948 |g 31(1988), 1, Seite 314-334 |h Online-Ressource |w (DE-627)504272314 |w (DE-600)2213264-8 |w (DE-576)251711080 |x 1877-8372 |7 nnas |
| 773 | 1 | 8 | |g volume:31 |g year:1988 |g number:1 |g pages:314-334 |
| 787 | 0 | 8 | |i Rezension von |a Fārābī, Abū-Naṣr Muḥammad Ibn-Muḥammad al-, 873 - 950 |t Al-Farabi on the perfect state |d Oxford : Clarendon Pr., 1985 |h 571 S. |w (DE-627)27440317X |w (DE-576)9274403178 |z 019824505X |
| 787 | 0 | 8 | |i Rezension von |a Fārābī, Abū-Naṣr Muḥammad Ibn-Muḥammad al-, 873 - 950 |t Al- Farabi on the perfect state |d Oxford [u.a.] : Clarendon Pr., 1985 |h VII, 571 S. |w (DE-627)013500996 |w (DE-576)011047631 |z 019824505X |
| 856 | |3 Volltext |u http://www.jstor.org/stable/1580736 |x JSTOR | ||
| 856 | 4 | 0 | |u https://doi.org/10.1163/18778372-03101014 |x Resolving-System |z lizenzpflichtig |3 Volltext |7 1 |
| 856 | 4 | 0 | |u https://brill.com/view/journals/orie/31/1/article-p314_14.xml |x Verlag |z lizenzpflichtig |3 Volltext |7 1 |
| 935 | |a mteo | ||
| 951 | |a AR | ||
| ELC | |a 1 | ||
| ITA | |a 1 |t 1 | ||
| LOK | |0 000 xxxxxcx a22 zn 4500 | ||
| LOK | |0 001 4208239220 | ||
| LOK | |0 003 DE-627 | ||
| LOK | |0 004 1821435206 | ||
| LOK | |0 005 20221116163227 | ||
| LOK | |0 008 221110||||||||||||||||ger||||||| | ||
| LOK | |0 035 |a (DE-Tue135)IxTheo#2022-11-02#857AB5A6FDEBDF5CD05537E37040FE30FB96E6A0 | ||
| LOK | |0 040 |a DE-Tue135 |c DE-627 |d DE-Tue135 | ||
| LOK | |0 092 |o n | ||
| LOK | |0 852 |a DE-Tue135 | ||
| LOK | |0 852 1 |9 00 | ||
| LOK | |0 866 |x JSTOR#http://www.jstor.org/stable/1580736 | ||
| LOK | |0 935 |a ixzs |a ixrk |a zota | ||
| LOK | |0 939 |a 10-11-22 |b l01 | ||
| ORI | |a SA-MARC-ixtheoa001.raw | ||
| REL | |a 1 | ||
| SUB | |a REL | ||



